NBA blocks leaders 2010s hard - Statistics

General Stats
  • This quiz has been taken 23 times
  • The average score is 12 of 25
Answer Stats
Answer % Correct
Dwight Howard
83%
Rudy Gobert
78%
Anthony Davis
72%
Marc Gasol
72%
Pau Gasol
72%
Andre Drummond
67%
Brook Lopez
67%
Deandre Jordan
67%
Joakim Noah
67%
Robin Lopez
67%
Serge Ibaka
67%
Lamarcus Aldridge
61%
Tim Duncan
56%
Andrew Bogut
50%
Hassan Whiteside
50%
Roy Hibbert
50%
Al Horford
44%
Javale Mcgee
39%
Marcin Gortat
39%
Kevin Durant
33%
Josh Smith
28%
Taj Gibson
11%
Bismack Biyombo
0%
Derick Favors
0%
Paul Milsap
0%
No matching quizzes found
Score Distribution
Percent of People with Each Score
Percentile by Number Answered
Your Score History
You have not taken this quiz